000 01386cam a2200325Ia 4500
999 _c8033
_d8033
001 301731
003 GBCCL
005 20241126110642.0
006 m||||fo||d| ||||||
007 cr|g||008|pbda
008 900615r19901915ilua s 001|0 eng d
020 _z0790566206 (microfiche)
035 _a(OCoLC)689169895
035 _a(ATLA)ATLAP000015443
040 _cGBC
043 _ae-uk-en
049 _aLBBR
082 _a270
_bRUS
090 _aBR743
100 1 _aRussell, George William Erskine,
_d1853-1919.
_914018
245 1 2 _aA short history of the evangelical movement
_h[electronic resource] /
_cby George W.E. Russell.
260 0 _aLondon :
_bMowbray ;
_aMilwaukee, U.S.A. :
_bYoung Churchman,
_c1915.
300 _a1 online resource (xii, 150 p., [20] leaves of plates) :
_bill. ;
_c20 cm.
533 _aElectronic reproduction.
_bIpswich, MA :
_cEBSCO,
_d2009.
_nElectronic reproduction from microform master produced by the American Theological Library Association.
590 _aDigital version created by EBSCO from ATLA microform.
610 2 0 _aChurch of England
_xHistory.
_914019
651 0 _aEngland
_xChurch history.
_914020
856 4 0 _3Full text available
_zLBC Link to Full Text; Click for Access
_uhttp://lbc.idm.oclc.org:80/login?url=http://search.ebscohost.com/login.aspx?direct=true&db=h8h&bquery=(HJ+5Z1A)&type=1&site=ehost-live
942 _2ddc
_cBK
_03